<?xml version="1.0" encoding="UTF-8"?>
<record
    xmlns:xsi="http://www.w3.org/2001/XMLSchema-instance"
    xsi:schemaLocation="http://www.loc.gov/MARC21/slim http://www.loc.gov/standards/marcxml/schema/MARC21slim.xsd"
    xmlns="http://www.loc.gov/MARC21/slim">

  <leader>01935nam a2200301Ia 4500</leader>
  <controlfield tag="005">20250223033125.0</controlfield>
  <controlfield tag="008">  231030s9999    xx            000 0 und d</controlfield>
  <datafield tag="049" ind1=" " ind2=" ">
    <subfield code="a">-Depisied</subfield>
  </datafield>
  <datafield tag="082" ind1=" " ind2=" ">
    <subfield code="a">100</subfield>
  </datafield>
  <datafield tag="097" ind1=" " ind2=" ">
    <subfield code="a">Ph.D</subfield>
  </datafield>
  <datafield tag="099" ind1=" " ind2=" ">
    <subfield code="a">Cai01.16.03.ph.D.2022.Am.I.</subfield>
  </datafield>
  <datafield tag="100" ind1=" " ind2=" ">
    <subfield code="a">Amal Ahmed Taher Abd Elaal</subfield>
  </datafield>
  <datafield tag="245" ind1=" " ind2=" ">
    <subfield code="a">Integrated Control of Root-Knot Nematode on Cucumber in Egypt and South Africa /</subfield>
    <subfield code="c">Amal Ahmed Taher Abd Elaal ; Fawzia Ibrahim Moursy , Amira Shawky Ahmed Soliman , Ashraf El-Said Mohamed Khalil .</subfield>
  </datafield>
  <datafield tag="246" ind1=" " ind2=" ">
    <subfield code="a">&#x627;&#x644;&#x645;&#x643;&#x627;&#x641;&#x62D;&#x629; &#x627;&#x644;&#x643;&#x627;&#x645;&#x644;&#x629; &#x644;&#x646;&#x64A;&#x645;&#x627;&#x62A;&#x648;&#x62F;&#x627; &#x62A;&#x639;&#x642;&#x62F; &#x627;&#x644;&#x62C;&#x630;&#x648;&#x631; &#x639;&#x644;&#x649; &#x62E;&#x64A;&#x627;&#x631; &#x641;&#x649; &#x645;&#x635;&#x631; &#x648; &#x62C;&#x646;&#x648;&#x628; &#x623;&#x641;&#x631;&#x64A;&#x642;&#x64A;&#x627;</subfield>
  </datafield>
  <datafield tag="260" ind1=" " ind2=" ">
    <subfield code="c">2022.</subfield>
  </datafield>
  <datafield tag="502" ind1=" " ind2=" ">
    <subfield code="a">Thesis (Ph.D)-Cairo University,2022.</subfield>
  </datafield>
  <datafield tag="504" ind1=" " ind2=" ">
    <subfield code="a">Bibliography: p. 108-116.</subfield>
  </datafield>
  <datafield tag="520" ind1=" " ind2=" ">
    <subfield code="a">The survey was conducted in El-Behera (El-Nubaria), El-Ismailia (El-ksassien), El-Giza  (El-Saf), El&#x2013;Sharquia (El-Salhia) in two summer seasons.. Nine nematode genera of plant  parasitic nematode were recorded in clouding to different soil types; Helicotylenchus,  Heterodera, Longidorus, Meloidogyne, Paratylenchus, Pratylenchus, Rotylenchulus, Tylenchorhynchus and Xiphinema. Longidorus genus was absent in El-Behera, Xiphinema genus was absent in El-Sharquia. The genus Meloidogyne was recorded the highest frequency  of occurrence in El-Behera and the highest population density in El-Sharquia. Governorates  of El-Sharquia, El-Behera and El-Ismailia had the highest frequency of occurrence and population density while El-Giza Governorate was the lowest frequency of occurrence and  population density of the genus Meloidogyne spp</subfield>
  </datafield>
  <datafield tag="650" ind1=" " ind2=" ">
    <subfield code="a">PHILOSOPHY</subfield>
  </datafield>
  <datafield tag="653" ind1=" " ind2=" ">
    <subfield code="a">Root-knot nematode M. incognita</subfield>
  </datafield>
  <datafield tag="700" ind1=" " ind2=" ">
    <subfield code="a">Fawzia Ibrahim Moursy</subfield>
  </datafield>
  <datafield tag="856" ind1=" " ind2=" ">
    <subfield code="u">http://172.23.153.220/th.pdf</subfield>
  </datafield>
  <datafield tag="905" ind1=" " ind2=" ">
    <subfield code="a">Mohamady</subfield>
  </datafield>
  <datafield tag="942" ind1=" " ind2=" ">
    <subfield code="c">TH</subfield>
    <subfield code="2">ddc</subfield>
  </datafield>
  <datafield tag="999" ind1=" " ind2=" ">
    <subfield code="c">164346</subfield>
    <subfield code="d">164346</subfield>
  </datafield>
  <datafield tag="336" ind1=" " ind2=" ">
    <subfield code="2">rda content</subfield>
    <subfield code="a">text</subfield>
  </datafield>
  <datafield tag="337" ind1=" " ind2=" ">
    <subfield code="2">rdamedia</subfield>
    <subfield code="a">Unmediated</subfield>
  </datafield>
  <datafield tag="338" ind1=" " ind2=" ">
    <subfield code="2">rdacarrier</subfield>
    <subfield code="a">volume</subfield>
  </datafield>
  <datafield tag="952" ind1=" " ind2=" ">
    <subfield code="2">ddc</subfield>
    <subfield code="7">0</subfield>
    <subfield code="a">CUCL</subfield>
    <subfield code="b">cl210</subfield>
    <subfield code="d">2024-02-11</subfield>
    <subfield code="o">Cai01.16.03.ph.D.2022.Am.I.</subfield>
    <subfield code="p">01010110086429000</subfield>
    <subfield code="r">2023-10-30 00:00:00</subfield>
    <subfield code="y">TH</subfield>
  </datafield>
</record>
